Hídépítés a generációk között- X, Y, Z együttműködése a munkahelyen

Bibliográfiai részletek
Szerző: Szekeres Bernadett
További közreműködők: Joós Tamás
Dokumentumtípus: Diplomadolgozat
Kulcsszavak:21. század
csoportmunka
munkaerő
Y generáció
Z generáció
Online Access:http://dolgozattar.uni-bge.hu/59539

MARC

LEADER 00000nta a2200000 i 4500
001 dolg59539
005 20260409145213.0
008 260409suuuu hu om 000 hun d
040 |a BGE Dolgozattár Repozitórium  |b hun 
041 |a hu 
100 1 |a Szekeres Bernadett 
245 1 0 |a Hídépítés a generációk között- X, Y, Z együttműködése a munkahelyen  |c Szekeres Bernadett  |h [elektronikus dokumentum] 
520 3 |a A szakdolgozat célja feltárni, hogyan működhet hatékonyan együtt a három legmeghatározóbb munkahelyi generáció (az X, Y és Z) a modern szervezetekben. A vizsgálat központi kérdése, hogy milyen értékek, továbbá szemléletbeli különbségek jellemzik ezeket a generációkat, illetve ezek miként befolyásolják a munkahelyi együttműködést. A kutatás kvalitatív és kvantitatív módszereket ötvözve vizsgálja a generációk közötti kommunikációs akadályokat, az eltérő motivációs tényezőket, valamint a közös munka során felmerülő kihívásokat és lehetőségeket. A dolgozat gyakorlati javaslatokat is megfogalmaz, amelyek elősegíthetik a generációk közötti hídépítést (ilyen például az X generáció technológiai támogatása, valamint a Z generáció soft skilljeinek fejlesztése). A kutatás rámutat arra, hogy a szervezeti kultúra tudatos alakításával, illetve a generációk közötti párbeszéd ösztönzésével erősebb, együttműködőbb munkahelyi közösségek hozhatók létre. 
695 |a 21. század 
695 |a csoportmunka 
695 |a munkaerő 
695 |a Y generáció 
695 |a Z generáció 
700 1 |a Joós Tamás  |e ths 
856 4 0 |u http://dolgozattar.uni-bge.hu/59539/1/H%C3%ADd%C3%A9p%C3%ADt%C3%A9s%20a%20gener%C3%A1ci%C3%B3k%20k%C3%B6z%C3%B6tt.pdf  |z Dokumentum-elérés 
856 4 0 |u http://dolgozattar.uni-bge.hu/59539/2/Szekeres%20Bernadett%20%C3%A9rt%C3%A9kel%C3%A9s.pdf  |z Dokumentum-elérés 
856 4 0 |u http://dolgozattar.uni-bge.hu/59539/3/Szakdolgozat%20b%C3%ADr%C3%A1lat_PA.pdf  |z Dokumentum-elérés